00994cam a2200265 a 4500001001000000003000900010005001700019008004100036040002500077049000900102082001900111100004800130245005900178260006300237300002800300500005800328504004100386504004300427651003600470651003200506910003600538942001400574952012300588999001700711000018860DO-SdBNP20251028141804.0000000s1964 ve a 000 0 spa d aDO-SdBNPbspacBNPHU aBNGR a920.087bD542d1 aDíaz Sánchez, Ramón.d1903-19?94063010aDiez rostros de Venezuela /cRamón Díaz Sánchez. aCaracas, (Venezuela) :bEdiciones Banco del Caribe,c1964. a218 p. :bil. ;c24 cm. aIncluye datos biográficos del autor en las solapas. aIncluye referencias bibliográficas aIncluye notas al pie de las páginas. 4aVenezuela xBiografías926230 0aVenezuela xHistoria926230 aCatalogación derivada /Oxford 2ddccLBS1 001054708MOaGRbGRcCTd2010-05-19iLF1l0o920.087 D542dp18860-10r2020-06-25w2020-06-25y4ZPréstamo en sala c18379d18379